[Event "Madrid 2011/2012- Semifinal A "]
[Site "Madrid ESP"]
[Date "2012.04.11"]
[Round "2.1"]
[White "Spitzer Isbert, Ramon"]
[Black "Serrano Salvador, Eduardo"]
[Result "1-0"]
[WhiteElo "2046"]
[BlackElo "2364"]
[PlyCount "119"]
[EventDate "2012.04.10"]
[EventType "swiss"]
[EventRounds "9"]
[EventCountry "ESP"]
[Source "lmi"]
[SourceDate "2012.04.10"]

1. e4 c5 2. Nf3 e6 3. d4 cxd4 4. Nxd4 Nc6 5. Nc3 a6 6. g3 Qc7 7. Bg2 d6 8. O-O
Bd7 9. Re1 Be7 10. a4 Nf6 11. b3 O-O 12. Bb2 Nxd4 13. Qxd4 Rac8 14. Rad1 Ne8
15. Re2 Bc6 16. f4 b6 17. b4 Ba8 18. h3 Qc4 19. Kh2 Qxd4 20. Rxd4 e5 21. Rd3
Nf6 22. Nd5 Nxd5 23. exd5 f6 24. Rc3 Rxc3 25. Bxc3 Rc8 26. Be1 Rc4 27. Be4 Rd4
28. Bd3 Kf8 29. fxe5 dxe5 30. Bxa6 Bxd5 31. Rd2 Bf3 32. Rxd4 exd4 33. Bd3 g6
34. a5 bxa5 35. bxa5 Bc5 36. Bf2 Ke7 37. c3 Kd6 38. cxd4 Ba7 39. Bc4 g5 40. Be3
h6 41. Kg1 f5 42. Kf2 Bd5 43. Bb5 Be4 44. Bc4 Bd5 45. Bb5 Be4 46. Be8 Ke7 47.
Bh5 Kd6 48. h4 Bd5 49. Ke2 f4 50. gxf4 gxh4 51. Bg4 Bg2 52. Kd3 Kd5 53. Bc8 h3
54. Bb7+ Kd6 55. Bxg2 hxg2 56. Ke4 h5 57. Kf3 Kd5 58. f5 h4 59. Kxg2 Ke4 60. f6
1-0

[Event "Madrid 2011/2012- Semifinal A "]
[Site "Madrid ESP"]
[Date "2012.04.11"]
[Round "2.2"]
[White "Andalon Gomez, Carlos Jesus"]
[Black "Rodrigo Yanguas, Maria"]
[Result "0-1"]
[WhiteElo "2035"]
[BlackElo "2181"]
[PlyCount "112"]
[EventDate "2012.04.10"]
[EventType "swiss"]
[EventRounds "9"]
[EventCountry "ESP"]
[Source "lmi"]
[SourceDate "2012.04.10"]

1. d4 d5 2. c4 Nc6 3. cxd5 Qxd5 4. e3 e5 5. Nc3 Bb4 6. Bd2 Bxc3 7. Bxc3 exd4 8.
Ne2 Nf6 9. Nxd4 O-O 10. Nb5 Qg5 11. Nxc7 Bg4 12. Qb3 Rad8 13. Qxb7 Rd6 14. Qb5
Qg6 15. h3 Bd7 16. Qc4 Rc8 17. Qf4 Ne4 18. Nb5 Rd5 19. Bc4 Nxc3 20. Nxc3 Rf5
21. Bd3 Qxg2 22. Be4 Qxh1+ 23. Bxh1 Rxf4 24. exf4 Bxh3 25. Kd2 Rd8+ 26. Ke3
Re8+ 27. Kf3 Be6 28. Kg3 Nd4 29. Be4 Rb8 30. Rd1 Nf5+ 31. Kg2 h5 32. Rd2 g6 33.
b3 Kg7 34. Nd5 Rd8 35. Rd3 Rc8 36. Rd2 Rc1 37. Ne3 Nh6 38. f5 gxf5 39. Bf3 Ng4
40. Nc2 Kg6 41. Nd4 Bc8 42. Nc6 Ba6 43. Nxa7 Bf1+ 44. Kg3 Kg5 45. Bxg4 fxg4 46.
Rd5+ f5 47. f4+ gxf3 48. Kxf3 h4 49. Rd2 Rc7 50. Nb5 Bxb5 51. Rg2+ Kf6 52. Kf4
Rg7 53. Rh2 Rg4+ 54. Kf3 Bc6+ 55. Ke3 Ke5 56. Rc2 Rg3+ 0-1

[Event "Madrid 2011/2012- Semifinal A "]
[Site "Madrid ESP"]
[Date "2012.04.11"]
[Round "2.3"]
[White "Martin Duque, Jesus"]
[Black "Garcia Gutierrez, Jose"]
[Result "1/2-1/2"]
[WhiteElo "2176"]
[BlackElo "2028"]
[PlyCount "115"]
[EventDate "2012.04.10"]
[EventType "swiss"]
[EventRounds "9"]
[EventCountry "ESP"]
[Source "lmi"]
[SourceDate "2012.04.10"]

1. d4 Nf6 2. Nf3 b6 3. Bg5 e6 4. e4 h6 5. Bxf6 Qxf6 6. Bd3 Bb7 7. Qe2 d5 8.
exd5 Bxd5 9. Be4 c6 10. Bxd5 cxd5 11. Nc3 Qe7 12. O-O-O Nc6 13. Qb5 Qd7 14. h4
Be7 15. g4 a6 16. Qf1 b5 17. Ne2 Qc7 18. Kb1 b4 19. Nc1 a5 20. Nd3 Bf6 21. Nde5
Bxe5 22. Nxe5 Nxe5 23. dxe5 Qxe5 24. Qb5+ Kf8 25. f4 Qb8 26. Qc6 Ra7 27. Qc5+
Kg8 28. f5 Qc7 29. Qe3 Ra6 30. Rhg1 Rc6 31. Qd3 Qh2 32. g5 Qxh4 33. g6 Qf6 34.
Qb5 Rc8 35. fxe6 Qxe6 36. Rde1 Qd6 37. Qb7 Rf8 38. Re7 Qf6 39. Rxf7 Rxf7 40.
Qa8+ Rf8 41. Qxd5+ Rf7 42. Qa8+ Rf8 43. Qd5+ Rf7 44. gxf7+ Qxf7 45. Qxa5 Qe7
46. Qd5+ Qf7 47. Qe4 Qf8 48. Re1 h5 49. Qc4+ Kh7 50. Qd3+ g6 51. Qd7+ Kh6 52.
Qd2+ Kh7 53. Qg5 Rg8 54. b3 Rg7 55. Re5 Rd7 56. Qe3 Qf1+ 57. Kb2 Qf6 58. Kc1
1/2-1/2

[Event "Madrid 2011/2012- Semifinal A "]
[Site "Madrid ESP"]
[Date "2012.04.11"]
[Round "2.4"]
[White "Perez De Aranda A., Leonardo I"]
[Black "Luna Hermoso, Angel"]
[Result "1-0"]
[WhiteElo "2107"]
[BlackElo "2013"]
[PlyCount "59"]
[EventDate "2012.04.10"]
[EventType "swiss"]
[EventRounds "9"]
[EventCountry "ESP"]
[Source "lmi"]
[SourceDate "2012.04.10"]

1. e4 e5 2. Nf3 Nc6 3. Bb5 g6 4. O-O Bg7 5. c3 a6 6. Ba4 d6 7. d4 Bd7 8. Bg5 f6
9. Bd2 Nh6 10. d5 Ne7 11. Bxd7+ Qxd7 12. c4 O-O 13. Nc3 f5 14. Ng5 f4 15. f3
Bf6 16. Ne6 g5 17. Nxf8 Rxf8 18. g4 fxg3 19. hxg3 Ng6 20. Kg2 Qg7 21. Rh1 Nf4+
22. gxf4 exf4 23. Qe2 g4 24. Rag1 Bd4 25. Kf1 Bxg1 26. Rxg1 Rf6 27. e5 dxe5 28.
Qxe5 Qg6 29. Ne4 Rf5 30. Qxc7 1-0

[Event "Madrid 2011/2012- Semifinal A "]
[Site "Madrid ESP"]
[Date "2012.04.11"]
[Round "2.5"]
[White "Lorenzo Bailador, Alfredo"]
[Black "Cabañas Bravo, Juan Andres"]
[Result "1/2-1/2"]
[WhiteElo "2005"]
[BlackElo "2092"]
[PlyCount "237"]
[EventDate "2012.04.10"]
[EventType "swiss"]
[EventRounds "9"]
[EventCountry "ESP"]
[Source "lmi"]
[SourceDate "2012.04.10"]

1. e4 e5 2. Nf3 Nc6 3. Bc4 Bc5 4. Nc3 Nf6 5. d3 d6 6. Be3 Bb6 7. Nd5 Nxd5 8.
Bxd5 Ne7 9. Bb3 Ng6 10. Bg5 f6 11. Be3 Bxe3 12. fxe3 c6 13. O-O Qb6 14. Qe1 Bd7
15. a4 a5 16. Kh1 O-O-O 17. Nd2 Kc7 18. Nc4 Qb4 19. Nxa5 Qxe1 20. Rfxe1 Ra8 21.
Nc4 d5 22. Nd2 Ra5 23. Ra3 Rha8 24. Rea1 Ne7 25. Kg1 f5 26. exd5 cxd5 27. c4 e4
28. d4 Be6 29. Rc1 Kd7 30. g3 Rc8 31. Rc3 Rc6 32. cxd5 Bxd5 33. Nc4 Bxc4 34.
Bxc4 Rb6 35. Rab3 Rxb3 36. Rxb3 Kc7 37. Rc3 Kd6 38. b3 Nc6 39. Kf2 Nb4 40. Bb5
Ra8 41. Rc5 Rf8 42. Bc4 Nc6 43. Rb5 Kc7 44. Bd5 Nd8 45. Ke2 Rf6 46. Kf2 g5 47.
Kg2 h5 48. h3 h4 49. Rc5+ Kd6 50. Rb5 Kc7 51. Rc5+ Kd6 52. Bc4 hxg3 53. Kxg3
f4+ 54. Kf2 fxe3+ 55. Kxe3 Rf3+ 56. Kxe4 Rxh3 57. Rd5+ Kc7 58. Rxg5 Nc6 59. Rg4
Kd6 60. Rg6+ Kc7 61. Rg4 Kd6 62. Bd5 Nb4 63. Rg6+ Kc7 64. Rg7+ Kd6 65. Bc4 Rh4+
66. Ke3 b6 67. Rg6+ Kc7 68. Rg7+ Kd6 69. Rg6+ Kc7 70. d5 Nc2+ 71. Kd3 Nd4 72.
Kc3 Nf5 73. Rc6+ Kb7 74. Rf6 Ne3 75. Rf7+ Kc8 76. Rf3 Ng4 77. Kb4 Ne5 78. Re3
Nd7 79. Kb5 Kc7 80. Re6 Rd4 81. Rh6 Rd2 82. Rc6+ Kb7 83. b4 Rb2 84. Bd3 Rb3 85.
Bf5 Ne5 86. Rxb6+ Ka7 87. Re6 Nf3 88. Re7+ Kb8 89. Re4 Kc7 90. Rc4+ Kd6 91. Be4
Nd2 92. Rc6+ Ke5 93. Bg2 Rg3 94. Bh1 Rh3 95. Rc2 Nb3 96. Re2+ Kd6 97. Re6+ Kd7
98. Re1 Nd4+ 99. Kb6 Nc2 100. Rb1 Na3 101. Rd1 Nc4+ 102. Kb5 Na3+ 103. Ka6 Nc2
104. b5 Ne3 105. Rc1 Nf5 106. a5 Nd4 107. Rb1 Nb3 108. b6 Nc5+ 109. Kb5 Nb7
110. Ra1 Nd6+ 111. Ka6 Rh8 112. b7 Rb8 113. Rb1 Kc7 114. Rc1+ Kd7 115. Rb1 Kc7
116. Rb6 Nxb7 117. Rxb7+ Rxb7 118. d6+ Kb8 119. Bxb7 1/2-1/2

[Event "Madrid 2011/2012- Semifinal A "]
[Site "Madrid ESP"]
[Date "2012.04.11"]
[Round "2.6"]
[White "Vukotic Jovsic, Dragan"]
[Black "Madurga Lopez, Ignacio"]
[Result "1-0"]
[WhiteElo "1955"]
[BlackElo "2073"]
[PlyCount "59"]
[EventDate "2012.04.10"]
[EventType "swiss"]
[EventRounds "9"]
[EventCountry "ESP"]
[Source "lmi"]
[SourceDate "2012.04.10"]

1. d4 Nf6 2. Bf4 g6 3. Nf3 d6 4. e3 Nh5 5. Bg5 h6 6. Bh4 g5 7. Nfd2 Ng7 8. Bg3
Nf5 9. Bc4 Bg7 10. Qf3 e6 11. c3 h5 12. h3 Nxg3 13. fxg3 d5 14. O-O f5 15. Bd3
g4 16. hxg4 hxg4 17. Qe2 Qg5 18. Na3 c6 19. Kf2 e5 20. Rh1 O-O 21. Raf1 exd4
22. cxd4 Re8 23. Nb3 a6 24. Nc2 b6 25. Kg1 c5 26. dxc5 bxc5 27. Nxc5 d4 28. e4
Bf6 29. Qf2 Nd7 30. Qxf5 1-0

[Event "Madrid 2011/2012- Semifinal A "]
[Site "Madrid ESP"]
[Date "2012.04.11"]
[Round "2.7"]
[White "Santacruz Molina, Ildefonso"]
[Black "Garcia Prados, David"]
[Result "0-1"]
[WhiteElo "1933"]
[BlackElo "2070"]
[PlyCount "128"]
[EventDate "2012.04.10"]
[EventType "swiss"]
[EventRounds "9"]
[EventCountry "ESP"]
[Source "lmi"]
[SourceDate "2012.04.10"]

1. d4 Nf6 2. Nc3 e6 3. Bg5 h6 4. Bh4 Be7 5. Bxf6 Bxf6 6. e4 d6 7. Nf3 Nd7 8.
Qd2 a6 9. O-O-O b5 10. e5 Be7 11. Kb1 d5 12. Qf4 Bb7 13. h4 Nb6 14. g4 g6 15.
Bd3 Qd7 16. Nd2 Rh7 17. Nb3 O-O-O 18. Rh3 Nc4 19. Nc5 Qe8 20. Bxc4 bxc4 21.
N3a4 Bc6 22. Nc3 Bb7 23. Qd2 Bxc5 24. dxc5 d4 25. Ne2 d3 26. cxd3 Be4 27. Nf4
Qc6 28. Kc1 Qxc5 29. Qc3 Qxf2 30. Qd2 Qxd2+ 31. Rxd2 cxd3 32. Re3 Bd5 33. Rexd3
c6 34. Ra3 Kb7 35. Rd4 c5 36. Rda4 Rhh8 37. Rxa6 Ra8 38. Nd3 Rxa6 39. Nxc5+ Kb6
40. Nxa6 Rc8+ 41. Kd2 Rc4 42. Nb8 Rxg4 43. Nd7+ Kb5 44. h5 Rg2+ 45. Kc3 Rg3+
46. Kd4 Rxa3 47. bxa3 Bxa2 48. hxg6 fxg6 49. Nf8 g5 50. Ke3 Ka4 51. Kf3 Kxa3
52. Kg4 Kb4 53. Kh5 Kc3 54. Nd7 Kd4 55. Nf6 Kxe5 56. Ng4+ Kf4 57. Nxh6 Bb1 58.
Ng8 g4 59. Kh4 Bf5 60. Nf6 Kf3 61. Nh5 e5 62. Ng3 Bc8 63. Nf1 e4 64. Nd2+ Kf4
0-1

[Event "Madrid 2011/2012- Semifinal A "]
[Site "Madrid ESP"]
[Date "2012.04.11"]
[Round "2.8"]
[White "Alvarez Abejon, Amilcar"]
[Black "Cano Mercado, Francisco Manuel"]
[Result "1-0"]
[WhiteElo "2069"]
[BlackElo "1872"]
[PlyCount "59"]
[EventDate "2012.04.10"]
[EventType "swiss"]
[EventRounds "9"]
[EventCountry "ESP"]
[Source "lmi"]
[SourceDate "2012.04.10"]

1. Nf3 d5 2. g3 Nf6 3. Bg2 g6 4. c4 Bg7 5. cxd5 Nxd5 6. Nc3 O-O 7. O-O Nxc3 8.
bxc3 c5 9. Rb1 Nc6 10. Qa4 Qc7 11. Ba3 Nd8 12. d4 Bf5 13. Rbc1 Bh6 14. Rcd1
cxd4 15. Nxd4 Bd7 16. Nb5 Bxb5 17. Qxb5 Nc6 18. Rb1 Rab8 19. Rfd1 Bg7 20. Qc5
Rfe8 21. Rb5 e6 22. Qc4 Rbc8 23. Bxc6 bxc6 24. Rb2 Qe5 25. Rb7 Rcd8 26. Rxd8
Rxd8 27. Qxc6 Qxe2 28. Rxa7 Qe1+ 29. Kg2 Bxc3 30. Qb7 1-0

[Event "Madrid 2011/2012- Semifinal A "]
[Site "Madrid ESP"]
[Date "2012.04.11"]
[Round "2.9"]
[White "Nuñez Reiz, Antonio"]
[Black "Yagüe Sanchez, Sergio Roberto"]
[Result "1-0"]
[WhiteElo "2061"]
[BlackElo "1844"]
[PlyCount "57"]
[EventDate "2012.04.10"]
[EventType "swiss"]
[EventRounds "9"]
[EventCountry "ESP"]
[Source "lmi"]
[SourceDate "2012.04.10"]

1. e4 c6 2. Nc3 d5 3. Nf3 dxe4 4. Nxe4 Nf6 5. Nxf6+ gxf6 6. d4 Bg4 7. Bc4 e6 8.
c3 Qc7 9. Be3 Nd7 10. h3 Bh5 11. g4 Bg6 12. Qe2 O-O-O 13. O-O-O Bd6 14. h4 h5
15. g5 Be4 16. Rhg1 f5 17. g6 f4 18. Ng5 Bxg6 19. Bd2 Rde8 20. Nxe6 Qa5 21. Rg5
Qa4 22. Bb3 Qa6 23. Qxa6 bxa6 24. Nxf4 Bxf4 25. Bxf4 Re4 26. Bg3 Nb6 27. f4 Re3
28. f5 Bxf5 29. Bf4 1-0

[Event "Madrid 2011/2012- Semifinal A "]
[Site "Madrid ESP"]
[Date "2012.04.11"]
[Round "2.10"]
[White "Pinel Mirasierra, Jose Pablo"]
[Black "Aguado Solana, Juan"]
[Result "1/2-1/2"]
[WhiteElo "1919"]
[BlackElo "2060"]
[PlyCount "91"]
[EventDate "2012.04.10"]
[EventType "swiss"]
[EventRounds "9"]
[EventCountry "ESP"]
[Source "lmi"]
[SourceDate "2012.04.10"]

1. d4 Nf6 2. c4 c5 3. Nf3 cxd4 4. Nxd4 e5 5. Nf3 Bc5 6. g3 e4 7. Nd4 d5 8. Bg2
dxc4 9. Qa4+ Qd7 10. Nb5 O-O 11. Qxc4 Qf5 12. O-O Be6 13. Qc2 Nc6 14. N1c3 a6
15. Nc7 Nd4 16. Qb1 Rad8 17. Nxe6 fxe6 18. Be3 Ng4 19. Qxe4 Qh5 20. h3 Nxe3 21.
fxe3 Nxe2+ 22. Nxe2 Qxe2 23. Qxe6+ Kh8 24. Rab1 Rfe8 25. Qf5 Rd2 26. Qf3 Bxe3+
27. Kh1 Bf2 28. Qxe2 Rexe2 29. Rbd1 g6 30. Bxb7 a5 31. Rxd2 Rxd2 32. Rb1 Bxg3
33. Bg2 Be5 34. a4 Bxb2 35. Rf1 Be5 36. Re1 Bd6 37. Kg1 Bc5+ 38. Kh1 Ra2 39.
Bc6 Kg7 40. Re5 Bb4 41. Bb5 Kf6 42. Re2 Ra3 43. Kg2 Bd6 44. Rf2+ Kg5 45. Rf3
Ra1 46. Rf1 1/2-1/2

[Event "Madrid 2011/2012- Semifinal A "]
[Site "Madrid ESP"]
[Date "2012.04.11"]
[Round "2.11"]
[White "Barroso Barroso, Jorge"]
[Black "Mansilla Tolosa, Luis E"]
[Result "1/2-1/2"]
[WhiteElo "1763"]
[BlackElo "2048"]
[PlyCount "60"]
[EventDate "2012.04.10"]
[EventType "swiss"]
[EventRounds "9"]
[EventCountry "ESP"]
[Source "lmi"]
[SourceDate "2012.04.10"]

1. e4 c5 2. c4 g6 3. Ne2 Bg7 4. d4 cxd4 5. Nxd4 Nf6 6. Nc3 O-O 7. Be2 Nc6 8.
Be3 b6 9. O-O Bb7 10. f3 d6 11. Nxc6 Bxc6 12. Rc1 Qd7 13. Qd2 Rfd8 14. Rfd1 Qb7
15. b3 Nd7 16. Nd5 Nc5 17. Bg5 f6 18. Be3 e6 19. Nf4 Qe7 20. Bf1 g5 21. Nh5 Be8
22. Nxg7 Kxg7 23. Be2 a5 24. Bd4 Bg6 25. Qc3 Rac8 26. Be3 h6 27. Rd2 d5 28. e5
f5 29. Rcd1 f4 30. Bf2 dxc4 1/2-1/2

[Event "Madrid 2011/2012- Semifinal A "]
[Site "Madrid ESP"]
[Date "2012.04.11"]
[Round "2.12"]
[White "De La Fuente Gonzalez, Francisco"]
[Black "Rodriguez Bachiller, Luis"]
[Result "1/2-1/2"]
[WhiteElo "2193"]
[BlackElo "1827"]
[PlyCount "82"]
[EventDate "2012.04.10"]
[EventType "swiss"]
[EventRounds "9"]
[EventCountry "ESP"]
[Source "lmi"]
[SourceDate "2012.04.10"]

1. c4 Nf6 2. Nc3 g6 3. e4 d6 4. d4 Bg7 5. Nf3 O-O 6. Be2 e5 7. dxe5 dxe5 8.
Qxd8 Rxd8 9. Bg5 c6 10. Nxe5 Re8 11. f4 Nh5 12. Bxh5 gxh5 13. Bh4 Nd7 14. O-O
Nxe5 15. fxe5 Bxe5 16. Bf6 Bxf6 17. Rxf6 Re6 18. Rf5 Rh6 19. Rg5+ Kf8 20. e5
Be6 21. b3 Rd8 22. Ne4 Rd4 23. Re1 h4 24. h3 Rg6 25. Rxg6 hxg6 26. Kf2 Kg7 27.
Ke3 Rd8 28. Nd6 b6 29. Rd1 Rd7 30. Ne8+ Kf8 31. Nd6 Kg7 32. Kf4 Kh6 33. Rd2 g5+
34. Ke4 Kg6 35. Rf2 c5 36. Rf6+ Kg7 37. Ne8+ Kf8 38. Nd6 Kg7 39. Rf2 Kg6 40.
Rf6+ Kg7 41. Rf2 Kg6 1/2-1/2

[Event "Madrid 2011/2012- Semifinal A "]
[Site "Madrid ESP"]
[Date "2012.04.11"]
[Round "2.13"]
[White "Gonzalez Mateos, Rafael"]
[Black "Ocaña Lameiro, Oliver"]
[Result "1-0"]
[WhiteElo "2157"]
[BlackElo "2002"]
[PlyCount "85"]
[EventDate "2012.04.10"]
[EventType "swiss"]
[EventRounds "9"]
[EventCountry "ESP"]
[Source "lmi"]
[SourceDate "2012.04.10"]

1. d4 d5 2. c3 Nf6 3. Bg5 Ne4 4. Bf4 c6 5. f3 Nf6 6. Qc2 c5 7. e3 e6 8. Nd2 Nc6
9. Nh3 a6 10. Be2 h6 11. Bg3 Bd6 12. Bf2 e5 13. dxc5 Bxc5 14. e4 Bxf2+ 15. Nxf2
O-O 16. O-O Ne7 17. Rfe1 Ng6 18. Rad1 Qb6 19. exd5 Nxd5 20. Nc4 Qc6 21. Bd3 f6
22. Na5 Qc7 23. Bc4 Nge7 24. Rxd5 Nxd5 25. Bxd5+ Kh8 26. b4 Rb8 27. c4 Bd7 28.
Rc1 Bc6 29. Bxc6 bxc6 30. Nd3 c5 31. a3 cxb4 32. axb4 Rfd8 33. c5 Qd7 34. Nf2
Rxb4 35. Rd1 Rd4 36. Rxd4 Qxd4 37. Nb3 Qe3 38. h3 Qe1+ 39. Kh2 a5 40. c6 a4 41.
Nc5 a3 42. Ne6 Qd2 43. c7 1-0

[Event "Madrid 2011/2012- Semifinal A "]
[Site "Madrid ESP"]
[Date "2012.04.11"]
[Round "2.14"]
[White "Estrada Martinez, Cesar"]
[Black "Martos De La Vega, Alvar"]
[Result "1/2-1/2"]
[WhiteElo "2114"]
[BlackElo "1945"]
[PlyCount "35"]
[EventDate "2012.04.10"]
[EventType "swiss"]
[EventRounds "9"]
[EventCountry "ESP"]
[Source "lmi"]
[SourceDate "2012.04.10"]

1. c4 Nf6 2. d4 g6 3. Nf3 Bg7 4. Nc3 O-O 5. Bf4 d6 6. h3 Nbd7 7. e4 Nh5 8. Bh2
e5 9. Be2 Nf4 10. O-O Nxe2+ 11. Nxe2 Qe7 12. Nc3 c6 13. Re1 exd4 14. Nxd4 Ne5
15. Qe2 Be6 16. Bxe5 dxe5 17. Nxe6 Qxe6 18. Rad1 1/2-1/2

[Event "Madrid 2011/2012- Semifinal A "]
[Site "Madrid ESP"]
[Date "2012.04.11"]
[Round "2.15"]
[White "Gomez Gonzalez, Javier"]
[Black "Lopez Garralon, Miguel"]
[Result "1-0"]
[WhiteElo "2077"]
[BlackElo "1928"]
[PlyCount "89"]
[EventDate "2012.04.10"]
[EventType "swiss"]
[EventRounds "9"]
[EventCountry "ESP"]
[Source "lmi"]
[SourceDate "2012.04.10"]

1. e4 d6 2. d4 Nf6 3. Nc3 Nbd7 4. Nf3 e5 5. Be2 c6 6. O-O Be7 7. a4 a5 8. Bg5
h6 9. Bh4 O-O 10. Qd2 Re8 11. Rfe1 Qc7 12. h3 Nf8 13. dxe5 dxe5 14. Bc4 Ng6 15.
Bxf6 Bxf6 16. Ne2 Be6 17. Qc3 Rad8 18. Ng3 Nf4 19. Rad1 g6 20. Rxd8 Rxd8 21.
Nf1 b6 22. Ne3 h5 23. Bf1 Bc8 24. Nc4 Ba6 25. b4 axb4 26. Qxb4 Rb8 27. Rb1 Be7
28. Qb2 f6 29. Nxb6 Bxf1 30. Kxf1 Bc5 31. a5 Qa7 32. Nxe5 fxe5 33. Qxe5 Qa6+
34. Kg1 Bxf2+ 35. Kh1 Rf8 36. Nd7 Ne2 37. Qd6 Ng3+ 38. Kh2 Nf1+ 39. Rxf1 Bg3+
40. Qxg3 Rxf1 41. Qxg6+ Kh8 42. Nf6 Rxf6 43. Qxf6+ Kh7 44. Qf5+ Kh6 45. h4 1-0

[Event "Madrid 2011/2012- Semifinal A "]
[Site "Madrid ESP"]
[Date "2012.04.11"]
[Round "2.16"]
[White "Elissalt Cardenas, Hector"]
[Black "Lopez Heras, Arturo"]
[Result "1-0"]
[WhiteElo "2366"]
[BlackElo "1882"]
[PlyCount "61"]
[EventDate "2012.04.10"]
[EventType "swiss"]
[EventRounds "9"]
[EventCountry "ESP"]
[Source "lmi"]
[SourceDate "2012.04.10"]

1. c4 e6 2. Nc3 b6 3. e4 Bb7 4. Nf3 Bb4 5. Bd3 Na6 6. Qe2 Nc5 7. Bc2 Nf6 8. e5
Bxc3 9. bxc3 Nfe4 10. Qe3 f5 11. d3 Nxc3 12. d4 Bxf3 13. gxf3 N3a4 14. dxc5
Nxc5 15. Ba3 O-O 16. f4 Re8 17. O-O Nb7 18. Rad1 c5 19. Ba4 Re7 20. Bb2 Qe8 21.
Bc3 Rd8 22. Qf3 Rb8 23. Rd3 Nd8 24. Rfd1 Rb7 25. R1d2 Rc7 26. Qd1 Nc6 27. Bxc6
Rxc6 28. Rxd7 Qg6+ 29. Kh1 Rxd7 30. Rxd7 Qh6 31. Rd8+ 1-0

[Event "Madrid 2011/2012- Semifinal A "]
[Site "Madrid ESP"]
[Date "2012.04.11"]
[Round "2.17"]
[White "Ramirez Garcia, Jorge Alberto"]
[Black "Rojas Pozo, Jose Luis"]
[Result "1-0"]
[WhiteElo "2222"]
[BlackElo "1976"]
[PlyCount "92"]
[EventDate "2012.04.10"]
[EventType "swiss"]
[EventRounds "9"]
[EventCountry "ESP"]
[Source "lmi"]
[SourceDate "2012.04.10"]

1. e4 c6 2. d4 d5 3. Nc3 dxe4 4. Nxe4 Nd7 5. Ng5 Ngf6 6. Bc4 e6 7. Qe2 Nb6 8.
Bb3 h6 9. N5f3 Bd6 10. Ne5 Qc7 11. Ngf3 a5 12. c3 a4 13. Bc2 a3 14. b3 Nbd5 15.
Bd2 b6 16. Bd3 Bb7 17. O-O c5 18. Bb5+ Kf8 19. dxc5 bxc5 20. Rfe1 Ne7 21. Bd3
Nc6 22. Nc4 Bf4 23. Be3 Bxe3 24. Qxe3 Ne7 25. Nfe5 Ned5 26. Qg3 g5 27. Be2 Nf4
28. Bf3 N6d5 29. Rad1 f6 30. Ng6+ Nxg6 31. Qxc7 Nxc7 32. Bxb7 Ra7 33. Bc8 e5
34. Bf5 Ne7 35. Rd8+ Kg7 36. Rd7 Nb5 37. Red1 Rxd7 38. Rxd7 Re8 39. Bg4 Kf8 40.
Nd6 Nxd6 41. Rxd6 f5 42. Bh5 Ra8 43. Kf1 Ng8 44. Rd7 Ne7 45. h3 Ra6 46. Ke1 Ra5
1-0

[Event "Madrid 2011/2012- Semifinal A "]
[Site "Madrid ESP"]
[Date "2012.04.11"]
[Round "2.18"]
[White "Fernandez Garcia, Ignacio"]
[Black "Pastor Alonso De Prado, Alberto E"]
[Result "0-1"]
[WhiteElo "1909"]
[BlackElo "2218"]
[PlyCount "56"]
[EventDate "2012.04.10"]
[EventType "swiss"]
[EventRounds "9"]
[EventCountry "ESP"]
[Source "lmi"]
[SourceDate "2012.04.10"]

1. e4 d5 2. exd5 Nf6 3. Nc3 Nxd5 4. Qf3 e6 5. Bc4 c6 6. Nge2 Nd7 7. a3 Ne5 8.
Qe4 Nxc4 9. Qxc4 Be7 10. d3 O-O 11. O-O e5 12. Qe4 Qd6 13. f4 Bf6 14. Nxd5 cxd5
15. Qb4 Qc7 16. Qc3 Qb6+ 17. Kh1 e4 18. d4 Bg4 19. Qe1 Bxe2 20. Qxe2 Qxd4 21.
c3 Qc4 22. Qe1 d4 23. cxd4 Bxd4 24. Rb1 Rfe8 25. Be3 Rad8 26. Bxd4 Qxd4 27. f5
e3 28. Qe2 Qe4 0-1

[Event "Madrid 2011/2012- Semifinal A "]
[Site "Madrid ESP"]
[Date "2012.04.11"]
[Round "2.19"]
[White "Camarero Izquierdo, Juan Carlos"]
[Black "Rodriguez De Castro, Ayar"]
[Result "0-1"]
[WhiteElo "1881"]
[BlackElo "2160"]
[PlyCount "36"]
[EventDate "2012.04.10"]
[EventType "swiss"]
[EventRounds "9"]
[EventCountry "ESP"]
[Source "lmi"]
[SourceDate "2012.04.10"]

1. d4 d5 2. Nc3 Nf6 3. Bg5 Bf5 4. f3 Nc6 5. Bxf6 exf6 6. e4 Be6 7. Bb5 Bb4 8.
Qd3 O-O 9. Bxc6 bxc6 10. O-O-O Rb8 11. Nge2 Qd6 12. g4 Rfd8 13. g5 Bxc3 14.
bxc3 dxe4 15. fxe4 fxg5 16. h4 g4 17. h5 Bxa2 18. e5 Qa3+ 0-1

[Event "Madrid 2011/2012- Semifinal A "]
[Site "Madrid ESP"]
[Date "2012.04.11"]
[Round "2.20"]
[White "Martinez Montalvo, Eduardo"]
[Black "Barajas Fernandez, Helios"]
[Result "0-1"]
[WhiteElo "1860"]
[BlackElo "2120"]
[PlyCount "51"]
[EventDate "2012.04.10"]
[EventType "swiss"]
[EventRounds "9"]
[EventCountry "ESP"]
[Source "lmi"]
[SourceDate "2012.04.10"]

1. e4 c5 2. d4 cxd4 3. c3 d5 4. exd5 Qxd5 5. cxd4 Nc6 6. Nf3 Bg4 7. Nc3 Qh5 8.
Be2 Nf6 9. O-O e6 10. h3 Bxf3 11. Bxf3 Qf5 12. Re1 Be7 13. Be3 O-O 14. Rc1 Qa5
15. Qa4 Qxa4 16. Nxa4 Nd5 17. a3 Rac8 18. Nc3 Nxe3 19. fxe3 Bh4 20. Red1 Na5
21. Ne2 b6 22. g3 Bg5 23. Kf2 Nc4 24. Rc3 Nxb2 25. Rdc1 Rxc3 26. Rxc3 0-1

[Event "Madrid 2011/2012- Semifinal A "]
[Site "Madrid ESP"]
[Date "2012.04.11"]
[Round "2.21"]
[White "Osorio Ramos, Francisco"]
[Black "Ciuro Muñoz, Ricardo"]
[Result "0-1"]
[WhiteElo "1839"]
[BlackElo "2110"]
[PlyCount "74"]
[EventDate "2012.04.10"]
[EventType "swiss"]
[EventRounds "9"]
[EventCountry "ESP"]
[Source "lmi"]
[SourceDate "2012.04.10"]

1. d4 e6 2. Nf3 d5 3. c4 c6 4. b3 Nf6 5. Bb2 Bb4+ 6. Bc3 Qa5 7. Bxb4 Qxb4+ 8.
Qd2 Qe7 9. Nc3 O-O 10. Qc2 Nbd7 11. e3 e5 12. dxe5 Nxe5 13. Nxe5 Qxe5 14. Rd1
Bf5 15. Bd3 Bg4 16. Rd2 d4 17. Ne4 Nxe4 18. Bxe4 f5 19. exd4 Qxe4+ 20. Qxe4
fxe4 21. O-O Rad8 22. Re1 Bf5 23. d5 cxd5 24. cxd5 Rd6 25. Rd4 Rfd8 26. Red1
Be6 27. Rxe4 Rxd5 28. Rde1 Bf5 29. Re7 Rd1 30. h3 Rxe1+ 31. Rxe1 Kf7 32. Rc1
Rc8 33. Rd1 Rc2 34. Rd5 Be6 35. Ra5 a6 36. Ra4 Bd5 37. Rd4 Ke6 0-1

[Event "Madrid 2011/2012- Semifinal A "]
[Site "Madrid ESP"]
[Date "2012.04.11"]
[Round "2.22"]
[White "Sterling Carmona, Francisco"]
[Black "Jimenez Gonzalez, Marcos"]
[Result "0-1"]
[WhiteElo "2072"]
[BlackElo "1848"]
[PlyCount "86"]
[EventDate "2012.04.10"]
[EventType "swiss"]
[EventRounds "9"]
[EventCountry "ESP"]
[Source "lmi"]
[SourceDate "2012.04.10"]

1. d4 d5 2. Nf3 e6 3. e3 c5 4. b3 Nc6 5. a3 Nf6 6. Bd3 Be7 7. Bb2 O-O 8. Nbd2
b6 9. O-O Bb7 10. Ne5 cxd4 11. exd4 h6 12. f4 Nxe5 13. fxe5 Ne4 14. Bxe4 dxe4
15. Qe2 f5 16. exf6 Bxf6 17. c3 Qd5 18. Rae1 Bh4 19. c4 Qc6 20. Rd1 e3 21. Nf3
Bf2+ 22. Rxf2 exf2+ 23. Qxf2 Rad8 24. Qg3 Rxf3 25. Qxf3 Qxf3 26. gxf3 Bxf3 27.
Rc1 Rc8 28. Kf2 Be4 29. Ke3 Bf5 30. a4 Kf7 31. Ba3 Ke8 32. Bd6 Kd7 33. Be5 g6
34. b4 a6 35. b5 axb5 36. axb5 Ra8 37. Rc3 Ra2 38. c5 Kc8 39. c6 Ra4 40. Rb3
Bc2 41. Rb2 Ra3+ 42. Kf4 g5+ 43. Kg4 Bf5+ 0-1